000
nam a22 7a 4500
999
_c
329350
_d
329350
003
Nust
005
20170503155747.0
008
170503b xxu||||| |||| 00| 0 eng d
040
_c
DLC
082
_a
891.4393 BUS
100
_a
بشرِی رحمان
245
_a
چپ
260
_a
Lahore :
_b
Ibaraat,
300
_a
168p. :
942
_2
ddc
_c
BK